Auditoria al desempeño en organizaciones públicas y privadas (Registro nro. 16798)

Detalles MARC
000 -LEADER
fixed length control field 00403 a2200121 4500
001 - CONTROL NUMBER
control field ART_2587
005 - DATE AND TIME OF LATEST TRANSACTION
control field 20260410161719.0
008 - FIXED-LENGTH DATA ELEMENTS--GENERAL INFORMATION
fixed length control field 260409a
100 1# - MAIN ENTRY--PERSONAL NAME
Personal name Sanchez Henriquez, Jorge
245 10 - TITLE STATEMENT
Title Auditoria al desempeño en organizaciones públicas y privadas
700 1# - ADDED ENTRY--PERSONAL NAME
Personal name Saldaño Verdugo, Caroline
773 0# - HOST ITEM ENTRY
Title Contabilidad y auditoría
Related parts - Año 17, Nº 33 (jun. 2011)
Record control number REV1723

No hay ítems disponibles.